Länder aus denen Spieler mit einer Darts PDC Tour Card 2024 kommen - Statistiken

Allgemein
  • Dieses Quiz wurde 334 mal gespielt
  • Das Durchschnittsergebnis liegt bei 20 aus 23
Antwortstatistiken
Anzahl
Spieler
Land % Korrekt
9 Deutschland
100%
45 England
100%
24 Niederlande
100%
7 Belgien
96%
6 Schottland
95%
7 Wales
95%
5 Nordirland
93%
4 Irland
92%
2 Österreich
92%
2 Polen
92%
2 Frankreich
91%
2 Vereinigte Staaten
90%
2 Australien
87%
1 Schweden
86%
1 Portugal
85%
1 Kanada
83%
1 Italien
80%
1 Dänemark
77%
2 Tschechien
77%
1 Kroatien
75%
1 Lettland
74%
1 Neuseeland
66%
1 Philippinen
57%
Keine übereinstimmenden Quizze gefunden
Verteilung der Resultate
Anzahl Personen mit jedem Resultat
Perzentil nach korrekt beantworteten Fragen
Ihre Resultats-Entwicklung
Sie haben dieses Quiz noch nicht gespielt